LEADER 01507nam a2200349 a 4500 001 000000166712 003 CaOOAMICUS 005 20180314160009.0 008 180314s1971 it u000 u ita r 032 $aLibriCat 040 $aPUL$bita 041 1 $aita$hger 100 1 $aAdorno, Theodor Wiesengrund,$d1903-1969.$0(OLS)http://pul/name/506 240 10$aEinleitung in die Musiksoziologie. Zwolf theoretische Vorlesungen.$lItaliano.$0(OLS)http://pul/title/206461 245 10$aIntroduzione alla sociologia della musica / $cTheodor W. Adorno ; introduzione di Luigi Rognoni ; traduzione di Giacomo Manzoni . 260 $aTorino :$bEinaudi,$c©1971. 300 $axxi, 267 p. ; $c18 cm. 490 1 $aPiccola biblioteca Einaudi ;$v160 650 04$aSociologia.$0(OLS)http://pul/subject/2611 700 1 $aRognoni, Luigi,$d1913-1986.$0(OLS)http://pul/name/22807 700 1 $aManzoni, Giacomo.$0(OLS)http://pul/name/86457 830 0$aPiccola biblioteca Einaudi ;$v157.$0(OLS)http://pul/title/8551 850 $aPUL 852 $aPUL$W1$xDP1 Fondo Dalla Palma$y117$m1 C 56$j42005$qFondi$B194157$CPULBib$Z2$F194157 $HDal37 $81 941 1 $a1 960 $aSociology$92611 960 $aSociology$92611 960 $aScienze sociali$92611 960 $aScienze sociali$92611 996 $6245$aIntroduzione alla sociologia della musica / $9(OLS)http://pul/title/206460 996 $6260$aTorino :$bEinaudi$9(OLS)http://pul/publisher/48130 LEADER 01898nam a2200349 a 4500 001 000000176009 003 CaOOAMICUS 005 20230727095652.0 008 230727s2023 it m 000 u ita r 032 $aLibriCat 040 $aPUL$bita 100 1 $aPappalettera, Giuseppe.$0(OLS)http://pul/name/113075 245 11$a"In Lui viviamo ci muoviamo ed esistiamo" (AT 17,28). La partecipazione del creato al mistero di Dio :$bsecondo S.N. Bulgakov, P.A. Florenskij ed E. Stein /$cGabriele Bernagozzi. 260 $aRomae :$b[s.n.],$c2023. 300 $a154 p. ; $b$c24 cm 502 $aEstratto della Tesi di dottorato, Pontificia Universitą Lateranense. Facoltą di Teologia, 2023. 504 $aBibliografia: p. [141]-154. 600 04$aTheresia Benedicta a Cruce,$cs.,$d1891-1942.$0(OLS)http://pul/subject/4953 600 14$aFlorenskij, Pavel Aleksandrovic,$d1882-1937.$0(OLS)http://pul/subject/18012 600 14$aBulgakov, Serge? Nikolaevic,$d1871-1944.$0(OLS)http://pul/subject/15827 710 2 $aPontificia Universitą Lateranense.$bFacoltą di Teologia$kTesi.$0(OLS)http://pul/name/81775 850 $aPUL 852 $aPUL$W1$xDP1 Tesi Pon Univ. Lateranense$y41$m2023 B 4$j200175$qTesi$B204957$CPULBib$Z2$F204957 $82 910 $aPontificia Universitą Lateranense.$bFacoltą di sacra teologia.$kTesi$981775 941 1 $a16 960 $aEdith Stein,$cs.,$d1891-1942$94953 960 $aStein, Edith,$cs.,$d1891-1942$94953 960 $aTeresia Benedicta a Cruce,$cs.,$d1891-1942$94953 960 $aTeresa Benedetta della Croce,? $cs.,$d1891-1942$94953 996 $6245$a"In Lui viviamo ci muoviamo ed esistiamo" (AT 17,28). La partecipazione del creato al mistero di Dio :$bsecondo S.N. Bulgakov, P.A. Florenskij ed E. Stein$9(OLS)http://pul/title/217502 996 $6260$aRomae :$b[s.n.]$9(OLS)http://pul/publisher/48223